MARC details
| 000 -LEADER |
| fixed length control field |
02946nam a2200289 i 4500 |
| 003 - CONTROL NUMBER IDENTIFIER |
| control field |
CSPC |
| 005 - DATE AND TIME OF LATEST TRANSACTION |
| control field |
20260211164640.0 |
| 008 - FIXED-LENGTH DATA ELEMENTS--GENERAL INFORMATION |
| fixed length control field |
260210s2024 ii b 001 0 eng d |
| 020 ## - INTERNATIONAL STANDARD BOOK NUMBER |
| International Standard Book Number |
9789388387965 |
| 040 ## - CATALOGING SOURCE |
| Original cataloging agency |
CSPC |
| Language of cataloging |
eng |
| Transcribing agency |
CSPC |
| Description conventions |
rda |
| 050 00 - LIBRARY OF CONGRESS CALL NUMBER |
| Classification number |
LB1028.3 |
| Item number |
.P384 2024 |
| 082 00 - DEWEY DECIMAL CLASSIFICATION NUMBER |
| Classification number |
371.33 |
| Item number |
P273t |
| Edition number |
23 |
| 100 1# - MAIN ENTRY--PERSONAL NAME |
| Personal name |
Pathak, Ramkumar, |
| Relator term |
author. |
| 245 10 - TITLE STATEMENT |
| Title |
Technology in education / |
| Statement of responsibility, etc. |
Ramkumar Pathak. |
| 250 ## - EDITION STATEMENT |
| Edition statement |
First edition. |
| 264 #1 - PRODUCTION, PUBLICATION, DISTRIBUTION, MANUFACTURE, AND COPYRIGHT NOTICE |
| Place of production, publication, distribution, manufacture |
New Delhi, India : |
| Name of producer, publisher, distributor, manufacturer |
Wisdom Press, |
| Date of production, publication, distribution, manufacture, or copyright notice |
2024. |
| 300 ## - PHYSICAL DESCRIPTION |
| Extent |
xii, 314 pages ; |
| Dimensions |
24 cm. |
| 336 ## - CONTENT TYPE |
| Source |
rdacontent |
| Content type term |
text |
| 337 ## - MEDIA TYPE |
| Source |
rdamedia |
| Media type term |
unemdiated |
| 338 ## - CARRIER TYPE |
| Source |
rdacarrier |
| Carrier type term |
volume |
| 504 ## - BIBLIOGRAPHY, ETC. NOTE |
| Bibliography, etc. note |
Includes bibliographical references and index. |
| 505 0# - FORMATTED CONTENTS NOTE |
| Formatted contents note |
Introduction -- Use of computer technology in educational management -- Online teaching and learning -- The advancement of education through technology -- E-learning technology and design -- ICT in education -- Technology challenges in curriculum and principles in educational technology. |
| 520 ## - SUMMARY, ETC. |
| Summary, etc. |
"Technology in education represents a transformative force that has revolutionized traditional teaching and learning methods. Technology in education provides access to a wealth of learning resources beyond traditional textbooks. Open educational resources, digital libraries, and online research tools expand the range of materials available to students and educators, often at a reduced cost. One crucial aspect of technology in education is the creation and implementation of digital learning environments. This section delves into the concept of virtual classrooms, interactive e-learning modules, and other digital platforms that facilitate student engagement and enhance the learning experience. The chapter examines how these environments cater to diverse learning styles and provide educators with tools to personalize instruction. As technology continues to advance, so do the possibilities for innovative educational tools. This chapter explores emerging technologies such as artificial intelligence, augmented reality, and virtual reality in the educational context. It discusses their potential to revolutionize teaching methods, create immersive learning experiences, and prepare students for the demands of a technologically-driven future. This book reflects on the evolving landscape of technology in education and its potential to shape the future of learning. It emphasizes the need for a balanced approach that leverages technology to enhance educational experiences while addressing the associated challenges. The integration of technology in education is not merely a trend but a dynamic force driving continuous innovation and improvement in teaching and learning practices"-- Back cover. |
| 650 #0 - SUBJECT ADDED ENTRY--TOPICAL TERM |
| Topical term or geographic name entry element |
Educational technology. |
| 942 ## - ADDED ENTRY ELEMENTS (KOHA) |
| Source of classification or shelving scheme |
Dewey Decimal Classification |
| Suppress in OPAC |
No |
| Koha item type |
Books |
| Edition |
23 |
| Classification part |
371.33 |
| Item part |
P273t |
| Call number prefix |
CIR |
| Call number suffix |
2024 |